Catalog

Record Details

Catalog Search



Little Lord Fauntleroy  Cover Image Book Book

Little Lord Fauntleroy / by Frances Hodgson Burnett

Record details

  • Physical Description: 152 s. ; 18 cm
  • Edition: 3. unveränderte Auflage
  • Publisher: München :  Lindauersche Univ. Buchhandlung, 1925

Available copies

  • 1 of 1 copy available at Common Catalog SPOK.

Holds

  • 0 current holds with 1 total copy.
Show Only Available Copies
Location Call Number / Copy Notes Barcode Shelving Location Status Due Date
Jabok Library BC-1/B 424480015663 Beletrie Available -

LDR 00705nam a2200229 a 4500
00116588
003CZ-PrJAB
00520200415090408.0
008060530s2005 gw 000 0 eng d
02852. ‡a762459
035 . ‡a(CONS)16588
040 . ‡aGBVCP ‡bger
1001 . ‡aBurnett, Frances Hodgson  ‡4aut
24510. ‡aLittle Lord Fauntleroy / ‡cby Frances Hodgson Burnett
250 . ‡a3. unveränderte Auflage
260 . ‡aMünchen :  ‡bLindauersche Univ. Buchhandlung, ‡c1925
300 . ‡a152 s. ; ‡c18 cm
6530 . ‡aangličtina ‡abeletrie
910 . ‡aABG312
901 . ‡a16588 ‡bCZ-PrJAB ‡c16588 ‡tbiblio

Additional Resources